|
|
|
|
| LEADER |
00766nab a2200181 i 4500 |
| 001 |
misc13640 |
| 005 |
20191106141311.0 |
| 008 |
170607s1992 hu o 0|| hun d |
| 022 |
|
|
|a 0025-0260
|
| 040 |
|
|
|a SZTE Miscellanea Repozitórium
|b hun
|
| 041 |
|
|
|a hun
|
| 100 |
1 |
|
|a Horánszky Nándor
|
| 245 |
1 |
0 |
|a Tanterv és curriculum
|h [elektronikus dokumentum] :
|b azonosságok és különbségek a hetvenes-nyolcvanas évek magyar és német szakirodalmában /
|c Horánszky Nándor
|
| 260 |
|
|
|c 1992
|
| 300 |
|
|
|a 193-214
|
| 490 |
0 |
|
|a Magyar pedagógia : a Magyar Tudományos Akadémia Pedagógiai Bizottságának folyóirata
|v 92 No. 3
|
| 695 |
|
|
|a Oktatásügy nemzetközi tanterv
|
| 856 |
4 |
0 |
|u http://misc.bibl.u-szeged.hu/13640/1/mp_1992_003_6032_193-214.pdf
|z Dokumentum-elérés
|